000 00865nam a2200241 a 4500
999 _c10999
_d10999
001 10999
003 BD-JhCC
005 20190718122427.0
008 190718s20042009bg |||| |||| 000 0 ben d
020 _a9847002201490
035 _a(BD-JhCC)10999
040 _aBD-JhCC
_dBD-JhCC
041 _aben
082 _a020.3
_bALI 2009
100 _aআলী, মোহাম্মদ সা’দাত
245 _aগ্রন্থাগার ও তথ্যবিজ্ঞান অভিধান /
_cমোহাম্মদ সা’দাত আলী,
260 _aঢাকা :
_bসূচীপত্র,
_c২০০৯.
300 _a১৩৬ পৃ. :
_c১৯ সেমি.
504 _aগ্রন্থপুঞ্জি অর্ন্তভূক্ত
650 _aLibrary science
650 _aInformation science
942 _2ddc
_cBK